=LDR 00000nam 2200000 4500 =001 INLIS000000000031759 =005 20130612133819 =008 ***********************************ind** =035 ##$$a0010-061300000031759 =041 ##$$a ind =082 ##$$a 635.9 =090 ##$$a 635.9, Hap e =100 ##$$a HAPSARI, B =245 ##$$a Euphorbia Milii, Jenis Perbanyakan Perawatan, B.Hapsari, N.S.Budiana =250 ##$$a Seri Agrihobi =260 ##$$a 2007 $b Jakarta =300 ##$$a viii, 78 hlm., Ilus., 16x16 cm =650 ##$$a TANAMAN HIAS-EUPHORBIA =700 ##$$a BUDIANA, N.S =850 ##$$a NBPNMAT =990 ##$$a 0001/BPAP-NTB/20142014